| 000 | 02149nam0a2200349 4500 | ||
|---|---|---|---|
| 001 | RU\NLR\BIBL_A\012125061 | ||
| 005 | 20191119153943.0 | ||
| 010 |
_a978-5-98994-086-8 _9500 |
||
| 021 |
_aRU _bКН-П-19-072821 _9КН-П-19-5254 |
||
| 035 | _a(NLR Aleph) 012125061 | ||
| 035 | _a(RuMoRGB)010105329 | ||
| 090 |
_a12014419 _c12014419 |
||
| 100 | _a20191021d2019 k y0rusy50 ca | ||
| 101 | 0 | _arus | |
| 102 | _aRU | ||
| 105 | _aa|||z|||000zy | ||
| 200 | 1 |
_aРазвитие цифровой образовательной среды как условие непрерывного образования _eсборник материалов по итогам конкурсного марафона "Коллаборация образовательных организаций "Школьный Олимп", _fКомитет по образованию Правительства Санкт-Петербурга, Общество с ограниченной ответственностью "РБС: Консалтинг" _g[под редакцией Забалканцевой Е. В. и др.] |
|
| 210 |
_aСанкт-Петербург _cИзд-во НУ "Центр стратегических исследований" _d2019 |
||
| 215 | _d21 | ||
| 225 | 1 | _aШкольный Олимп | |
| 320 | _aБиблиогр. в конце ст. | ||
| 606 | 1 |
_aШкольники _jСборники _xЭлектронное обучение _92408936 _3RU\NLR\AUTH\6601654664 |
|
| 686 | 1 | _aЧ421.231.1я43 | |
| 702 | 1 |
_aЗабалканцева _bЕ. В. _gЕлена Валерьевна _4340 |
|
| 711 | 1 | 2 |
_a"Коллаборация образовательных организаций "Школьный Олимп", конкурсный марафон _eСанкт-Петербург _f2019 _9683692 _3RU\NLR\AUTH\880511565 |
| 712 | 0 | 1 |
_4570 _aСанкт-Петербург _bКомитет по образованию _9620810 _3RU\NLR\AUTH\8810059751 |
| 942 | _cBOOK | ||
| 980 | _aNBR | ||
| 980 | _aNB | ||